| 000 | 00988cam a22002531i 4500 | ||
|---|---|---|---|
| 003 | SA-RiAUC | ||
| 005 | 20250710145559.0 | ||
| 008 | 250710s1998 le g 000|f ara c | ||
| 040 |
_aSA-JeALM _bara _cSA-RiAUC _erda |
||
| 082 | 0 | 4 |
_a813.03 _qSA-RiAUC |
| 090 |
_a813.03 _bح م د |
||
| 100 | 1 |
_aالحمد، تركي حمد تركي، _d1372 هجري- _eمؤلف. |
|
| 245 | 1 | 0 |
_aأطياف الأزقة المهجورة : _bالشميسي / _cتركي الحمد. |
| 250 | _aالطبعة الثانية. | ||
| 264 | 1 |
_aبيروت : _bدار الساقي، _c1998 |
|
| 300 |
_a255 صفحة ؛ _c24 سم |
||
| 336 |
_aنص _btxt _2rdacontent _3كتاب |
||
| 337 |
_aبدون وسيط _bn _2rdamedia |
||
| 338 |
_aمجلد _bnc _2rdacarrier |
||
| 500 | _aاهداء من ابو ياسر محمد الى الشيخ رحمه الله | ||
| 650 | 7 |
_aالقصص العربية _zالسعودية _yقرن 14 هجري _2aucsh |
|
| 942 |
_2ddc _cBOOK _n0 |
||
| 949 |
_aSA-JeALM _d250710 _uosman123 _n1 |
||
| 999 |
_c9754 _d9754 |
||